Pandangan hidup muslim

Bibliographic Details
Main Author: Hamka (Author)
Format: Book
Published: Selangor : PTS Publishing House 2023
Subjects:

MARC

LEADER 00000cam a2200000 7i4500
001 0000093362
005 20231212084959.0
008 231212 may
020 |a 9786297564340 (  |q (paperback)) 
040 |e rda 
041 |a Malay 
090 0 0 |a 297.57   |b HAM 
100 1 |a Hamka ,   |e (author) 
245 1 0 |a Pandangan hidup muslim   |c Hamka 
264 1 |a Selangor :   |b PTS Publishing House   |c 2023 
300 |a 332 pages :   |b color illustrations ;   |c 23 cm. 
336 |a text  |2 rdacontent 
337 |a unmediated  |2 rdamedia 
338 |a volume  |2 rdacarrier 
541 |c Purchased on 2023   |f 23/B 5987 FBR   |h RM39.00 
650 0 |a Muslims   |x Conduct of life 
650 0 |a Religious life   |x Islam 
730 0 |a Title 
999 |a 0001748456   |b Book   |c Adult Collection   |e Perbadanan Perpustakaan Awam Johor 
999 |a 0001748457   |b Book   |c Adult Collection   |e Perbadanan Perpustakaan Awam Johor 
999 |a 0001748458   |b Book   |c Adult Collection   |e Cawangan Urban Transformation Centre 
999 |a 0001748459   |b Book   |c Adult Collection   |e Cawangan AEON Kulaijaya 
999 |a 0001748460   |b Book   |c Adult Collection   |e Cawangan Bandar Tenggara 
999 |a 0001748461   |b Book   |c Adult Collection   |e Cawangan Segamat 
999 |a 0001748462   |b Book   |c Adult Collection   |e Cawangan Bandar Penawar 
999 |a 0001748463   |b Book   |c Adult Collection   |e Cawangan Tangkak 
999 |a 0001748464   |b Book   |c Adult Collection   |e Cawangan Kota Tinggi 
999 |a 0001748466   |b Book   |c Adult Collection   |e Cawangan Mersing 
999 |a 0001748467   |b Book   |c Adult Collection   |e Cawangan Batu Pahat 
999 |a 0001748468   |b Book   |c Adult Collection   |e Cawangan Tmn. Ungku Tun Aminah 
999 |a 0001748469   |b Book   |c Adult Collection   |e Cawangan Muar 
999 |a 0001748470   |b Book   |c Adult Collection   |e Perbadanan Perpustakaan Awam Johor 
999 |a 0001748471   |b Book   |c Adult Collection   |e Cawangan Bukit Gambir 
999 |a 0001748472   |b Book   |c Adult Collection   |e Cawangan Pontian 
999 |a 0001748475   |b Book   |c Adult Collection   |e Cawangan Taman Sri Lambak